| 000 | 00617cam a2200241Ka 4500 | ||
|---|---|---|---|
| 999 |
_c1236 _d1236 |
||
| 001 | 611357 | ||
| 003 | OSt | ||
| 005 | 20180908164818.0 | ||
| 008 | 050909s2005 ii c 000 0 eng d | ||
| 020 | _a8172148364 | ||
| 035 | _a(OCoLC)ocm61463158 | ||
| 035 | _a(OCoLC)ocm61463158 | ||
| 040 |
_aPTS _cPTS |
||
| 049 | _aPTSS | ||
| 082 |
_a242 _bR6431M |
||
| 090 |
_aBV4832.3 _b.R63 2005 |
||
| 100 | 1 | _aRoberts, S. Samuel. | |
| 245 | 1 | 0 |
_aMessages for meditation / _cS. Samuel Roberts. |
| 260 |
_aDelhi : _bISPCK, _c2005. |
||
| 300 |
_axviii, 310 p. : _bport. ; _c22 cm. |
||
| 650 | 0 | _aMeditations. | |
| 942 |
_2ddc _cBK |
||